10 Largest College Football Stadiums - Statistics

General Stats
  • This quiz has been taken 32 times
  • The average score is 9 of 10
Answer Stats
Capacity College % Correct
107,601 Michigan
100%
100,119 Texas
100%
101,821 Alabama
96%
102,780 Ohio St
96%
106,572 Penn St
89%
102,733 Texas A&M
89%
93,033 Georgia
85%
91,136 UCLA
85%
102,321 LSU
81%
101,915 Tennessee
81%
No matching quizzes found
Score Distribution
Percent of People with Each Score
Percentile by Number Answered
Your Score History
You have not taken this quiz